01018cam a22002771 4500001001300000003000400013005001700017008004100034010001700075035002000092040002600112042001200138050002300150051002000173110004100193245007700234260005400311300003600365490004800401500009200449650003900541651005100580650003300631830005900664999001700723e 33001397 DLC20260227111224.0900626s1933 dcuab f000 0 eng  ae 33001397  a(OCoLC)21922291 aDLCcMiEMdOCoLCdDLC apremarc10aL111b.A73 no. 441 aLA209b.A4 19331 aUnited States.bOffice of Education.14aThe deepening crisis in education,cPrepared by the Office of education. aWashington, D.C.,bU.S. Govt. print. off.,c1933. a15, [1] p.billus., mapc23 cm.1 aU. S. Office of education. Leaflet,vno. 44 aAt head of title: United States Department of the interior. Harold L. Ickes, secretary. 0aEducationzUnited StatesxFinance. 0aUnited StatesxEconomic conditionsy1918-1945. 0aEducationxEconomic aspects. 0aLeaflet (United States. Office of Education) ;vno. 44 c21365d21365